Diccionario mexicano de arquitectura / (Record no. 10852)

MARC details
000 -CABECERA
campo de control de longitud fija 01076nam a22003137a 4500
001 - NÚMERO DE CONTROL
campo de control BRCA_9233
003 - IDENTIFICADOR DEL NÚMERO DE CONTROL
campo de control FranzMayer
005 - FECHA Y HORA DE LA ÚLTIMA TRANSACCIÓN
campo de control 20220921135258.0
008 - DATOS DE LONGITUD FIJA--INFORMACIÓN GENERAL
campo de control de longitud fija 220914b |||||||| |||| 00| 0 eng d
020 ## - NÚMERO INTERNACIONAL ESTÁNDAR DEL LIBRO
Número Internacional Estándar del Libro 9686873627
040 ## - FUENTE DE LA CATALOGACIÓN
Centro/agencia transcriptor MFM
Lengua de catalogación spa
041 ## - CÓDIGO DE LENGUA
Código de lengua del texto/banda sonora o título independiente spa
050 00 - SIGNATURA TOPOGRÁFICA DE LA BIBLIOTECA DEL CONGRESO
Número de clasificación NA31
Número de documento/Ítem .M43 1994
100 1# - ENTRADA PRINCIPAL--NOMBRE DE PERSONA
Nombre de persona Medel, Vicente.
9 (RLIN) 28566
245 10 - MENCIÓN DE TÍTULO
Título Diccionario mexicano de arquitectura /
Mención de responsabilidad, etc. Vicente Medel
260 ## - PUBLICACIÓN, DISTRIBUCIÓN, ETC.
Lugar de publicación, distribución, etc. México :
Nombre del editor, distribuidor, etc. Instituto del Fondo Nacional de la Vivienda para los Trabajadores,
Fecha de publicación, distribución, etc. 1994
260 ## - PUBLICACIÓN, DISTRIBUCIÓN, ETC.
Lugar de publicación, distribución, etc. México :
Nombre del editor, distribuidor, etc. Banco Inbursa,
Fecha de publicación, distribución, etc. 1994
300 ## - DESCRIPCIÓN FÍSICA
Extensión 395 pp. :
Otras características físicas il. fot. planos ;
Dimensiones 22.5 x 28 cm.
500 ## - NOTA GENERAL
Nota general Ubicación: L74-N6
504 ## - NOTA DE BIBLIOGRAFÍA, ETC.
Nota de bibliografía, etc. Bibliografía: pp. 349-393
655 ## - TÉRMINO DE INDIZACIÓN--GÉNERO/FORMA
Datos o término principal de género/forma Diccionarios
Subdivisión general Arquitectura
Subdivisión geográfica México
9 (RLIN) 28567
700 ## - PUNTO DE ACCESO ADICIONAL--NOMBRE DE PERSONA
Nombre de persona Ruiz Massieu, José Francisco
Término indicativo de función/relación notas introductorias
9 (RLIN) 28568
700 ## - PUNTO DE ACCESO ADICIONAL--NOMBRE DE PERSONA
Nombre de persona Wimer, Javier
Término indicativo de función/relación notas introductorias
9 (RLIN) 3744
700 ## - PUNTO DE ACCESO ADICIONAL--NOMBRE DE PERSONA
Nombre de persona Fuentes, Carlos
Término indicativo de función/relación pról.
9 (RLIN) 5026
700 ## - PUNTO DE ACCESO ADICIONAL--NOMBRE DE PERSONA
Nombre de persona Salas, Mario
Término indicativo de función/relación fot.
9 (RLIN) 28569
700 ## - PUNTO DE ACCESO ADICIONAL--NOMBRE DE PERSONA
Nombre de persona Yáñez, Martín
Término indicativo de función/relación fot.
9 (RLIN) 28570
942 ## - ELEMENTOS DE PUNTO DE ACCESO ADICIONAL (KOHA)
Fuente del sistema de clasificación o colocación Library of Congress Classification
Tipo de ítem Koha Libros
Holdings
Estado de retiro Estado de pérdida Fuente del sistema de clasificación o colocación Estado dañado No para préstamo Localización permanente Ubicación/localización actual Fecha de adquisición Signatura topográfica completa Código de barras Fecha visto por última vez Precio válido a partir de Tipo de ítem Koha
El ejemplar forma parte de la colección y puede ser consultado según las políticas vigentes.   Library of Congress Classification     Biblioteca del Museo Franz Mayer (Rogerio Casas-Alatriste) Biblioteca del Museo Franz Mayer (Rogerio Casas-Alatriste) 14/09/2022 NA31 .M43 1994 REF00417 14/09/2022 14/09/2022 Libros